Исследование электромагнитного излученияв коаксиальных и планарно-коаксиальных отражательных триодах: автореферат диссертации на соискание ученой степени кандидата физико-математических наук; спец. 01.04.20

Detalhes bibliográficos
Autor principal: Нгуен Туан Минь
Autor Corporativo: Национальный исследовательский Томский политехнический университет (ТПУ)
Outros Autores: Коваль Т. В. Тамара Васильевна (научный руководитель)
Resumo:Заглавие с титульного экрана
Электронная версия печатной публикации
Idioma:russo
Publicado em: Томск, 2012
Assuntos:
Acesso em linha:http://www.lib.tpu.ru/fulltext/a/2012/53.pdf
Formato: Recurso Electrónico Livro
KOHA link:https://koha.lib.tpu.ru/cgi-bin/koha/opac-detail.pl?biblionumber=225183

MARC

LEADER 00000nlm0a2200000 4500
001 225183
005 20231101230640.0
035 |a (RuTPU)RU\TPU\book\245517 
090 |a 225183 
100 |a 20121107d2012 k y0rusy50 ca 
101 0 |a rus 
102 |a RU 
105 |a a dm 000zy 
135 |a drcn ---uucaa 
181 0 |a i  
182 0 |a b 
200 1 |a Исследование электромагнитного излученияв коаксиальных и планарно-коаксиальных отражательных триодах  |b Электронный ресурс  |e автореферат диссертации на соискание ученой степени кандидата физико-математических наук  |e спец. 01.04.20  |f Нгуен Минь Туан  |g Национальный исследовательский Томский политехнический университет (ТПУ) ; науч. рук. Т. В. Коваль 
203 |a Текст  |c электронный 
210 |a Томск  |d 2012 
215 |a 1 файл (1.6 Mb) 
230 |a Электронные текстовые данные (1 файл : 1.6 Mb) 
300 |a Заглавие с титульного экрана 
300 |a Электронная версия печатной публикации 
337 |a Adobe Reader 
452 1 |0 (RuTPU)RU\TPU\book\248462  |t Исследование электромагнитного излучения в коаксиальных и планарно-коаксиальных отражательных триодах  |o автореферат диссертации на соискание ученой степени кандидата физико-математических наук  |o спец. 01.04.20  |f Нгуен Туан Минь  |g Национальный исследовательский Томский политехнический университет (ТПУ) ; науч. рук. Т. В. Коваль  |c Томск  |d 2012  |p 21 с. 
606 1 |a Триоды отражательные  |2 stltpush  |3 (RuTPU)RU\TPU\subj\72029  |9 85645 
610 1 |a электронный ресурс 
610 1 |a авторефераты диссертаций 
610 1 |a исследование 
610 1 |a коаксиальные триоды 
610 1 |a планарно-коаксиальные триоды 
610 1 |a электромагнитные колебания 
610 1 |a одномодовая генерация 
610 1 |a радикально-расходящиеся лучи 
610 1 |a труды учёных ТПУ 
675 |a 621.385.3(04)  |v 3 
686 |a 01.04.20  |2 oksvnk 
700 0 |a Нгуен Туан Минь  |c вьетнамский физик  |c аспирант Томского политехнического университета  |f 1984-  |2 stltpush  |3 (RuTPU)RU\TPU\pers\28825 
702 1 |a Коваль  |b Т. В.  |c математик, физик  |c профессор Томского политехнического университета, доктор физико-математических наук  |f 1953-  |g Тамара Васильевна  |2 stltpush  |3 (RuTPU)RU\TPU\pers\25463  |4 727 
712 0 2 |a Национальный исследовательский Томский политехнический университет (ТПУ)  |c (2009- )  |2 stltpush  |3 (RuTPU)RU\TPU\col\15902 
801 2 |a RU  |b 63413507  |c 20151026  |g RCR 
856 4 |u http://www.lib.tpu.ru/fulltext/a/2012/53.pdf 
942 |c CF